000
00281nam a22001217a 4500
020
_a
0-7214-0752-6
082
_a
823
_b
BRA/M
100
_a
BRADBURY
245
_a
ON THE MOVE
_b
LADY BIRD TODDLER BOOK
260
_a
ENGLAND
_b
LADY BIRD
650
_a
ENGLISH SHORT STORY
_z
UK
942
_c
BK
999
_c
2607
_d
2607